Economía (Registro nro. 3457)

Detalles MARC
000 -CABECERA
Longitud fija campo de control 01640nam a2200361Ia 4500
005 - • FECHA Y HORA DE LA ÚLTIMA TRANSACCIÓN
Fecha y hora de la última transacción 20220317000227.0
008 - • CÓDIGOS DE INFORMACIÓN DE LONGITUD FIJA
Códigos de información de longitud fija 141031s2010 m a 0 gpa d s
020 ## - • NÚMERO INTERNACIONAL NORMALIZADO PARA LIBROS
Número Internacional Normalizado para Libros (ISBN) 9786071503336
082 04 - • NÚMERO DE LA CLASIFICACIÓN DECIMAL DEWEY
Número de clasificación (R) 330
Número del ítem S15e
040 ## - FUENTE DE LA CATALOGACIÓN
Centro catalogador de origen CO-BoRNBP
Lengua de catalogación spa
Normas de descripción rda
Centro transcriptor CO-BoRNBP
100 1# - • PUNTO DE ACCESO PRINCIPAL-NOMBRE DE PERSONA
Nombre de persona Samuelson, Paul Anthony
Fechas asociadas al nombre 1915-
245 10 - • TITULO PROPIAMENTE DICHO
Título Economía
Resto del título con aplicaciones a Latinoamerica
Mención de responsabilidad, etc. Paul A. Samuelson, William D. Nordhaus ; traducción Adolfo Deras Quiñones
250 ## - • MENCIÓN DE EDICIÓN
Mención de edición Decimonovena edición
264 ## - PRODUCCIÓN, PUBLICACIÓN , DISTRIBUCIÓN, FABRICACIÓN Y COPYRIGHT
Lugar de producción, publicación, distribución, fabricación México
Nombre del productor, editor, distribuidor, fabricante McGraw-Hill
Fecha de de producción, publicación, distribución, fabricación o copyright 2010
300 ## - • DESCRIPCIÓN FÍSICA
Extensión 716 páginas
Otras características físicas ilustraciones, cuadros, gráficos y diagramas en blanco y negro
Dimensiones 27 cm
336 ## - TIPO DE CONTENIDO
Término de tipo de contenido texto
Código de tipo de contenido txt
Fuente rdacontent
337 ## - TIPO DE MEDIO
Nombre del tipo de medio sin mediación
Código del tipo de medio n
Fuente rdamedia
338 ## - TIPO DE SOPORTE
Nombre del tipo de soporte volumen
Código del tipo de soporte nc
Fuente rdacarrier
490 ## - • MENCIÓN DE SERIE
Mención de serie Educación
500 ## - • NOTA GENERAL
Nota general Incluye glosario e índice analítico
500 ## - • NOTA GENERAL
Nota general Incluye datos biográficos de los autores
504 ## - • NOTA DE BIBLIOGRAFÍA, ETC
Nota de bibliografía, etc. Incluye bibliografía
505 ## - • NOTA DE CONTENIDO CON FORMATO
Nota de contenido con formato Microeconomía : oferta, demanda y mercados de productos -- Los mercados de los factores : trabajo, tierra y capital -- Aplicaciones de los principios económicos -- Macroeconomía : crecimiento económico y ciclos de negocios -- Crecimiento, desarrollo y economía global -- El desempleo, la inflación y la política económica
650 14 - • PUNTO DE ACCESO ADICIONAL DE MATERIA - TÉRMINO DE MATERIA
Fuente del encabezamiento o término LEMB
Término de materia o nombre geográfico como elemento inicial Economía
650 14 - • PUNTO DE ACCESO ADICIONAL DE MATERIA - TÉRMINO DE MATERIA
Fuente del encabezamiento o término LEMB
Término de materia o nombre geográfico como elemento inicial Microeconomía
650 14 - • PUNTO DE ACCESO ADICIONAL DE MATERIA - TÉRMINO DE MATERIA
Fuente del encabezamiento o término LEMB
Término de materia o nombre geográfico como elemento inicial Macroeconomía
650 14 - • PUNTO DE ACCESO ADICIONAL DE MATERIA - TÉRMINO DE MATERIA
Fuente del encabezamiento o término LEMB
Término de materia o nombre geográfico como elemento inicial Oferta y demanda
650 14 - • PUNTO DE ACCESO ADICIONAL DE MATERIA - TÉRMINO DE MATERIA
Fuente del encabezamiento o término LEMB
Término de materia o nombre geográfico como elemento inicial Mercados
Subdivisión de materia general Aspectos económicos
650 14 - • PUNTO DE ACCESO ADICIONAL DE MATERIA - TÉRMINO DE MATERIA
Fuente del encabezamiento o término LEMB
Término de materia o nombre geográfico como elemento inicial Política económica
Subdivisión de materia general Problemas, ejercicios, etc
700 1# - • PUNTO DE ACCESO ADICIONAL - NOMBRE DE PERSONA
Nombre de persona Nordhaus, William D.
700 1# - • PUNTO DE ACCESO ADICIONAL - NOMBRE DE PERSONA
Nombre de persona Deras Quiñones, Adolfo
Término indicativo de función traductor
942 ## - ENTRADA DE ELEMENTOS AGREGADOS (KOHA)
Fuente de clasificaión o esquema Dewey Decimal Classification
Koha [por defecto] tipo de item LIbro
Existencias
Perdido Fuente de clasificación o esquema Estado Físico No para préstamo Forma de adquisición Localización permanente Localización actual Localización en estanterías Fecha adquisición Préstamos totales Signatura completa Código de barras Fecha última consulta Número de copia Fecha del precio de reemplazo Tipo de item de Koha
  Dewey Decimal Classification     Colección General Biblioteca Pública Cubarral Biblioteca Pública Cubarral General 08/04/2023   330 S15e CUB02331 08/04/2023 Ej.1 08/04/2023 LIbro
  Dewey Decimal Classification     Colección General Biblioteca Pública Cumaral - Alvaro Garzon Torres Biblioteca Pública Cumaral - Alvaro Garzon Torres Literatura 09/09/2024   NOR CUM2115 09/09/2024 Ej.1 09/09/2024 LIbro
  Dewey Decimal Classification     Colección General Biblioteca Pública Fuentedeoro - Henry Llanos García Biblioteca Pública Fuentedeoro - Henry Llanos García General 05/02/2023   330 S15e Fo0000236 05/02/2023 Ej.1 05/02/2023 LIbro
  Dewey Decimal Classification     Colección General Biblioteca Pública José Eustasio Rivera - San Martin Biblioteca Pública José Eustasio Rivera - San Martin General 04/21/2023   330 S15e SM001100 04/21/2023 Ej.1 04/21/2023 LIbro
  Dewey Decimal Classification     Colección General Biblioteca Pública Mapiripan Biblioteca Pública Mapiripan General 07/06/2023   330S15e MAP0000311 07/06/2023 Ej.1 07/06/2023 LIbro









Instituto Departamental de Cultura del Meta - Red Departamental de Bibliotecas Públicas del Meta.